LEADER 00990nam a2200229 u 4500 001 000000108151 003 CaOOAMICUS 005 20071108154415.0 008 071108s1998 it u000 u ita u 020 $a88-8025-151-1 040 $aPUL$bita$dLDB 245 00$aOnlus enti non commerciali e parrocchie /$ca cura dell'avvocatura generale Curia Arcivescovile di Milano. 260 $aMilano :$bCentro Ambrosiano,$cc1998. 300 $a285 p.; ;$c24 cm. 650 4$aEnti non economici.$0(OLS)http://pul/subject/20599 710 1 $aMilano (arcidiocesi).$0(OLS)http://pul/name/6050 850 $aPUL 852 $aPUL$W1$xSL Diritto e Scienze Sociali 1$y4$m176 C 49$j123060$qStampati$B122038$CPULBib$Z2$F122038 $H77811 $82 941 1 $a8 996 $6020$a88-8025-151-1$9(OLS)http://pul/number/136194 996 $6245$aOnlus enti non commerciali e parrocchie$9(OLS)http://pul/title/136113 996 $6260$aMilano :$bCentro Ambrosiano$9(OLS)http://pul/publisher/64424 LEADER 01041nam a2200253 u 4500 001 000000046683 003 CaOOAMICUS 005 20070226114812.0 008 990716s1992 it u000 u ita u 035 $a10829987 040 $aPUL(R)$bita 245 00$aIngegneria genetica e biotecnologie nel futuro dell'uomo /$ca cura di Elio Sgreccia [e] Vincenza Mele. 260 $aMilano :$bVita e pensiero,$c1992. 300 $a458 p. ;$c22 cm 504 $aBibliografia a pič pagina. 650 4$aIngegneria genetica.$0(OLS)http://pul/subject/19151 700 1 $aMele, Vincenza.$0(OLS)http://pul/name/29263 700 1 $aSgreccia, Elio.$0(OLS)http://pul/name/6486 850 $aPUL 852 $aPUL$W1$xSL Religione 1$y3$m39 C 34$j62514$nBK-PRI$b $qStampati$B62514$CPULBib$Z2$F62514 $H $81 941 1 $a8 961 $aINV: 72318 996 $6245$aIngegneria genetica e biotecnologie nel futuro dell'uomo$9(OLS)http://pul/title/62845 996 $6260$aMilano :$bVita e pensiero$9(OLS)http://pul/publisher/48016